Normal view
MARC view
- Hiba Khalid
Entry Personal Name
001 - CONTROL NUMBER
- control field: 69833
003 - CONTROL NUMBER IDENTIFIER
- control field: NUST
005 - DATE AND TIME OF LATEST TRANSACTION
- control field: 20210628204314.0
008 - FIXED-LENGTH DATA ELEMENTS
- fixed length control field: 210628|| aca||aabn | a|a d
040 ## - CATALOGING SOURCE
- Original cataloging agency: NUST
- Transcribing agency: NUST
100 ## - HEADING--PERSONAL NAME
- Personal name: Hiba Khalid
670 ## - SOURCE DATA FOUND
- Source citation: Work cat.: (NUST): Hiba Khalid, TH-SOF-1302-Imparting Data Knowledge in discrete data volumes using crowded agent approach for multi-perspective and visualized big data, 2016
